[Event "Kieler Open 2019-A"]
[Site "Kiel"]
[Date "2019.07.28"]
[Round "3.42"]
[White "Schwerdt, Alwin Elias"]
[Black "Samuelson, Bernd"]
[Result "1/2-1/2"]
[WhiteElo "1756"]
[BlackElo "1665"]
[Annotator "PH"]
[PlyCount "42"]
[EventDate "2019.??.??"]

1. e4 d5 2. exd5 Qxd5 3. Nc3 Qd6 4. d4 Nf6 5. Nf3 a6 6. h3 Nc6 7. Bc4 b5 8. Bb3
e6 9. O-O Be7 10. d5 Nxd5 11. Nxd5 exd5 12. Qxd5 O-O 13. Be3 Be6 14. Qxd6 Bxd6
15. a3 Ne5 16. Nd4 Bd7 17. Bf4 Nf3+ 18. Nxf3 Bxf4 19. Nd4 Bd6 20. Rfe1 Rfe8 21.
c4 c6 1/2-1/2

[Event "Kieler Open 2019-A"]
[Site "Kiel"]
[Date "2019.07.28"]
[Round "3.43"]
[White "Rommeck, Christiane"]
[Black "Rohmann, Volker"]
[Result "0-1"]
[WhiteElo "1567"]
[BlackElo "1752"]
[Annotator "PH"]
[PlyCount "76"]
[EventDate "2019.??.??"]

1. e4 e5 2. Nf3 Nc6 3. d4 exd4 4. Nxd4 Bb4+ 5. c3 Bc5 6. Be3 Bb6 7. Bc4 Nf6 8.
Nd2 O-O 9. O-O d5 10. Bd3 Ne5 11. Qc2 c5 12. N4f3 Nxd3 13. Qxd3 dxe4 14. Qxd8
Rxd8 15. Ng5 Bf5 16. f3 exf3 17. Rxf3 Bg6 18. Nb3 h6 19. Nh3 Bh5 20. Rff1 Ne4
21. Nf4 Bg4 22. h3 Bd7 23. Rae1 Bc6 24. Nc1 Bc7 25. Nce2 b6 26. Nh5 Re8 27. Bf4
Bxf4 28. Rxf4 Re7 29. Neg3 Nxg3 30. Rxe7 Nxh5 31. Rfxf7 Rf8 32. Rxf8+ Kxf8 33.
Rxa7 Nf4 34. Ra6 Bxg2 35. Rxb6 Bxh3 36. a4 Bd7 37. a5 Nd5 38. a6 Nxb6 0-1

[Event "Kieler Open 2019-A"]
[Site "Kiel"]
[Date "2019.07.28"]
[Round "3.44"]
[White "Inani, Darpan"]
[Black "Sallandt, Frido"]
[Result "1/2-1/2"]
[WhiteElo "1956"]
[BlackElo "1680"]
[Annotator "PH"]
[PlyCount "96"]
[EventDate "2019.??.??"]

1. e4 e6 2. d4 d5 3. Nc3 Nf6 4. exd5 exd5 5. Bd3 Bd6 6. Nge2 c6 7. Bg5 Nbd7 8.
Qd2 Nf8 9. Ng3 h6 10. Be3 Bd7 11. O-O-O Qc7 12. Nce2 O-O-O 13. f3 Re8 14. Rde1
Kb8 15. Bf4 Ne6 16. Bxd6 Qxd6 17. Nf5 Qc7 18. h4 h5 19. c3 g6 20. Ne3 Nf4 21.
Nxf4 Qxf4 22. Nd1 Qxd2+ 23. Kxd2 Kc7 24. Nf2 Kd6 25. Bc2 Re6 26. Nd3 Rxe1 27.
Rxe1 Bf5 28. Ne5 Be6 29. Ke3 Nd7 30. Kf4 Nxe5 31. dxe5+ Ke7 32. Kg5 Rd8 33. Rd1
c5 34. a3 d4 35. cxd4 cxd4 36. Bd3 Bd5 37. Rc1 Bc6 38. Rc5 Rd5 39. Rxd5 Bxd5
40. Kf4 Ke6 41. g4 a6 42. Be2 b5 43. gxh5 gxh5 44. Bd3 Bc4 45. Bf5+ Kd5 46.
Be4+ Ke6 47. Bf5+ Kd5 48. Be4+ Ke6 1/2-1/2

[Event "Kieler Open 2019-A"]
[Site "Kiel"]
[Date "2019.07.28"]
[Round "4.1"]
[White "Köllner, Ruben Gideon"]
[Black "Legky, Nikolay A"]
[Result "1/2-1/2"]
[WhiteElo "2315"]
[BlackElo "2397"]
[Annotator "JG"]
[PlyCount "88"]
[EventDate "2019.??.??"]
[WhiteTeam "SG Bochum 1931"]

1. d4 d5 2. Nf3 Nf6 3. e3 e6 4. Bd3 c5 5. b3 Bd6 6.
Bb2 Nc6 7. Ne5 O-O 8. a3 Ne7 9. Nd2 b6 10. Qf3 Bb7 11. Qh3 Ng6 12. O-O cxd4 13.
Nxg6 hxg6 14. exd4 a5 15. Rac1 Qe7 16. a4 Bf4 17. Rcd1 Ba6 18. Bxa6 Rxa6 19.
Nb1 Rc8 20. Na3 Raa8 21. Qd3 Rc6 22. g3 Bd6 23. Nb5 Ne8 24. c4 Nc7 25. Nxc7
Rxc7 26. cxd5 exd5 27. Rfe1 Qd7 28. Rc1 Rac8 29. Rxc7 Rxc7 30. Rc1 g5 31. Rxc7
Bxc7 32. Bc1 g4 33. Be3 g6 34. Qa6 Bd8 35. Qd3 f5 36. Qd2 Qe6 37. Qc1 Kf7 38.
Bf4 Ke8 39. Be5 g5 40. Qf1 Kf7 41. Qa6 Bf6 42. Qb7+ Kg6 43. Bxf6 Kxf6 44. Qh7
Qe1+ 1/2-1/2

[Event "Kieler Open 2019-A"]
[Site "Kiel"]
[Date "2019.07.28"]
[Round "4.2"]
[White "Lanka, Zigurds"]
[Black "Latzke, Boris"]
[Result "1-0"]
[WhiteElo "2395"]
[BlackElo "2212"]
[Annotator "JG"]
[PlyCount "81"]
[EventDate "2019.??.??"]
[WhiteTeam "SC Viernheim 1934"]
[BlackTeam "SK Bebenhausen"]

1. e4 e5 2. Nf3 Nc6 3.
Bb5 a6 4. Ba4 Nf6 5. d3 b5 6. Bb3 Be7 7. O-O d6 8. c3 O-O 9. Re1 Na5 10. Bc2 c5
11. Nbd2 Qc7 12. Nf1 Nc6 13. Ne3 g6 14. d4 cxd4 15. cxd4 Bb7 16. d5 Nb8 17. Bd2
Nbd7 18. Rc1 Rfc8 19. h3 Qd8 20. Ng4 Nxg4 21. hxg4 f6 22. Be3 Bf8 23. g5 Bg7
24. Qd2 Nf8 25. a4 bxa4 26. Qb4 Qe7 27. Qxa4 Qd7 28. gxf6 Bxf6 29. Qa3 Qe7 30.
Bd3 g5 31. Nd2 Ng6 32. Nc4 Nf4 33. Bf1 Rd8 34. Nb6 Rab8 35. Rc4 g4 36. Rec1 Qe8
37. Qa4 Bg7 38. g3 Nh3+ 39. Bxh3 gxh3 40. Qxe8+ Rxe8 41. Rc7 1-0

[Event "Kieler Open 2019-A"]
[Site "Kiel"]
[Date "2019.07.28"]
[Round "4.3"]
[White "Braun, Georg"]
[Black "Simantsev, Mikhail"]
[Result "1/2-1/2"]
[WhiteElo "2307"]
[BlackElo "2346"]
[Annotator "JG"]
[PlyCount "42"]
[EventDate "2019.??.??"]
[WhiteTeam "SK Bebenhausen"]

1. e4 c5 2.
Nf3 e6 3. d4 cxd4 4. Nxd4 Nc6 5. Nc3 Qc7 6. g3 a6 7. Bg2 d6 8. O-O Nf6 9. Re1
Nd7 10. b3 Be7 11. Bb2 O-O 12. Nce2 Re8 13. c4 Nf6 14. Rc1 Bd7 15. Qd2 Rac8 16.
Red1 Ne5 17. Ba3 Red8 18. Nc3 Qb8 19. Qe2 Bf8 20. h3 Ng6 21. Bb2 Ne5 1/2-1/2

[Event "Kieler Open 2019-A"]
[Site "Kiel"]
[Date "2019.07.28"]
[Round "4.4"]
[White "Carlstedt, Jonathan"]
[Black "Haffner, Alexander"]
[Result "1-0"]
[WhiteElo "2408"]
[BlackElo "2117"]
[Annotator "JG"]
[PlyCount "79"]
[EventDate "2019.??.??"]
[WhiteTeam "Hamburger SK von 1830 eV"]
[BlackTeam "SC Agon Neumünster"]

1. c4 Nf6 2.
g3 e6 3. Bg2 d5 4. Nf3 c5 5. cxd5 exd5 6. O-O Be7 7. d4 cxd4 8. Nxd4 O-O 9. Nc3
Nc6 10. b3 Qa5 11. Bb2 Nxd4 12. Qxd4 Be6 13. a3 Rfd8 14. b4 Qa6 15. Rac1 Bf8
16. Rfd1 Rac8 17. e3 Rc4 18. Qd2 d4 19. exd4 Rdxd4 20. Qxd4 Rxd4 21. Rxd4 Qb6
22. Nd5 Nxd5 23. Bxd5 Bf5 24. Re1 Qc7 25. Rf4 Bg6 26. Bb3 h6 27. Rc4 Qd7 28.
Rd4 Qc8 29. Ba4 Qf5 30. Rd8 b5 31. Bd1 f6 32. Bd4 Qd3 33. Bxf6 Qxa3 34. Be7 Qc3
35. Re3 Qc1 36. Kg2 Kh7 37. Bxf8 Qc6+ 38. Bf3 Qf6 39. Re7 Bf7 40. Rdd7 1-0

[Event "Kieler Open 2019-A"]
[Site "Kiel"]
[Date "2019.07.28"]
[Round "4.5"]
[White "Melamed, Tatjana"]
[Black "Voloshin, Leonid"]
[Result "1/2-1/2"]
[WhiteElo "2351"]
[BlackElo "2376"]
[Annotator "JG"]
[PlyCount "21"]
[EventDate "2019.??.??"]
[WhiteTeam "SG Aufbau Elbe Magdeburg"]
[BlackTeam "SG Speyer-Schwegenheim 2012"]

1. e4 c5 2. Nf3 d6 3. Bb5+ Bd7 4. Bxd7+ Qxd7 5. c4 Nc6 6. Nc3 g6 7. d4 cxd4
8. Nxd4 Bg7 9. Be3 Nf6 10. f3 O-O 11. O-O 1/2-1/2

[Event "Kieler Open 2019-A"]
[Site "Kiel"]
[Date "2019.07.28"]
[Round "4.6"]
[White "Röhr, Tobias"]
[Black "Arndt, Magnus"]
[Result "1/2-1/2"]
[WhiteElo "2054"]
[BlackElo "2313"]
[Annotator "JG"]
[PlyCount "119"]
[EventDate "2019.??.??"]
[WhiteTeam "SG Aufbau Elbe Magdeburg"]
[BlackTeam "SK Doppelbauer Kiel"]

1. d4 Nf6 2. c4 e6 3. Nf3 a6 4. Nc3 d5 5. cxd5 exd5 6. Bg5
Be6 7. e3 Nbd7 8. Bd3 Bd6 9. O-O O-O 10. Qc2 h6 11. Bf4 Qe7 12. Ne5 Bxe5 13.
dxe5 Ng4 14. Be2 Ngxe5 15. Bxe5 Nxe5 16. f4 Nc4 17. Bxc4 dxc4 18. f5 Bd7 19.
Nd5 Qc5 20. Rad1 Bc6 21. b4 Qa7 22. Ne7+ Kh7 23. f6+ g6 24. Rd4 Rad8 25. Rfd1
Rxd4 26. Rxd4 Qb6 27. Qxc4 Bb5 28. Qc5 Qxf6 29. h4 Kg7 30. Qxc7 Qe6 31. Nd5 Bc6
32. e4 Bxd5 33. Qc3 Qf6 34. exd5 Rc8 35. Qe3 Rc1+ 36. Kh2 Re1 37. Qf4 Qxf4+ 38.
Rxf4 Rd1 39. Rc4 Rxd5 40. Rc7 Rb5 41. a3 h5 42. g3 Kf6 43. Kg2 Ke6 44. Kh3 b6
45. Kg2 a5 46. bxa5 bxa5 47. Ra7 Rf5 48. a4 Kd6 49. Kh3 Kc6 50. Kg2 Kb6 51. Ra8
f6 52. Rc8 g5 53. hxg5 Rxg5 54. Kf3 Rg4 55. Rf8 Rxa4 56. Rxf6+ Kc7 57. Rf5 Ra1
58. Rxh5 a4 59. Ra5 a3 60. g4 1/2-1/2

[Event "Kieler Open 2019-A"]
[Site "Kiel"]
[Date "2019.07.28"]
[Round "4.7"]
[White "Hartwig, Frank"]
[Black "Schulze, Lara"]
[Result "0-1"]
[WhiteElo "2059"]
[BlackElo "2253"]
[Annotator "JG"]
[PlyCount "68"]
[EventDate "2019.??.??"]
[WhiteTeam "SC Schönberg"]
[BlackTeam "SK Lehrte von 1919"]

1. e4 c5 2. Nf3 Nc6 3. Bb5 g6 4.
Bxc6 dxc6 5. d3 Bg7 6. Nbd2 e5 7. b3 f6 8. a4 a5 9. Bb2 Nh6 10. h3 Nf7 11. Qe2
Qc7 12. Nc4 Nd8 13. Bc1 Ne6 14. g3 g5 15. Ne3 h5 16. h4 g4 17. Ng1 Nd4 18. Qd1
Be6 19. f3 gxf3 20. Nxf3 O-O-O 21. Nxd4 cxd4 22. Nf5 Bxf5 23. exf5 Bf8 24. Qf3
Bb4+ 25. Kf2 Rdg8 26. Kg2 Rg4 27. Kh3 Rhg8 28. Rg1 e4 29. dxe4 Bd6 30. Bf4 Bxf4
31. gxf4 Rxg1 32. Rxg1 Rxg1 33. Qxh5 Qg7 34. Qf3 Re1 0-1

[Event "Kieler Open 2019-A"]
[Site "Kiel"]
[Date "2019.07.28"]
[Round "4.8"]
[White "Franz, Karsten"]
[Black "Kröncke, Manfred"]
[Result "1-0"]
[WhiteElo "2219"]
[BlackElo "2047"]
[Annotator "JG"]
[PlyCount "41"]
[EventDate "2019.??.??"]
[WhiteTeam "SV Dresden-Leuben"]
[BlackTeam "SG Glückstadt von 1920"]

1. Nf3 Nf6 2. g3 d5 3. Bg2 e6 4. d3 Be7 5. O-O O-O 6. Nbd2 c5 7. e4 Nc6 8.
Re1 Qc7 9. c3 b5 10. e5 Nd7 11. Qe2 a5 12. Nf1 Ba6 13. Bf4 Nb6 14. h4 Rab8 15.
N1h2 b4 16. Ng4 a4 17. a3 bxa3 18. bxa3 Nd7 19. Ng5 Bxg5 20. hxg5 Ne7 21. Nf6+
1-0

[Event "Kieler Open 2019-A"]
[Site "Kiel"]
[Date "2019.07.28"]
[Round "4.9"]
[White "Pluska, Alexander"]
[Black "Pick, Stefan"]
[Result "1-0"]
[WhiteElo "2207"]
[BlackElo "2019"]
[Annotator "JG"]
[PlyCount "81"]
[EventDate "2019.??.??"]
[WhiteTeam "SK Doppelbauer Kiel"]
[BlackTeam "SK Kerpen 64"]

1. Nf3 Nf6 2. c4 g6 3. Nc3
Bg7 4. e4 d6 5. d4 O-O 6. Be2 e5 7. O-O Nc6 8. d5 Ne7 9. b4 a5 10. Ba3 axb4 11.
Bxb4 Nd7 12. a4 h6 13. Ne1 f5 14. Nd3 fxe4 15. Nxe4 Nf6 16. Bf3 Nf5 17. Bc3 Nh4
18. Nxf6+ Qxf6 19. Be4 Bf5 20. Qe2 Bxe4 21. Qxe4 Qf5 22. Rfe1 Qxe4 23. Rxe4 Nf5
24. a5 c6 25. Rb1 Rf7 26. Rb6 Rc7 27. Bb4 cxd5 28. cxd5 Bf8 29. g4 Nh4 30. f4
Rc2 31. Ne1 Rc1 32. fxe5 dxe5 33. d6 Rd1 34. Kf2 Rd5 35. Nc2 g5 36. Ne3 Rd4 37.
Rxd4 exd4 38. Nd5 Rd8 39. Ne7+ Kf7 40. Rxb7 Ke6 41. a6 1-0

[Event "Kieler Open 2019-A"]
[Site "Kiel"]
[Date "2019.07.28"]
[Round "4.10"]
[White "Köllner, Aaron Noah"]
[Black "Kaulich, Philipp Theodor"]
[Result "0-1"]
[WhiteElo "2044"]
[BlackElo "2177"]
[Annotator "JG"]
[PlyCount "70"]
[EventDate "2019.??.??"]
[WhiteTeam "SG Bochum 1931"]
[BlackTeam "Kieler SG"]

1. d4 f5 2. Nc3 Nf6 3. Bg5 d5 4. Bxf6 exf6
5. e3 Be6 6. Bd3 Nc6 7. Qf3 Qd7 8. Nge2 O-O-O 9. Nf4 Bf7 10. h4 h5 11. Nce2 g6
12. c3 Kb8 13. b4 g5 14. hxg5 fxg5 15. Nxh5 Bxh5 16. Qxf5 Bg6 17. Qxd7 Rxh1+
18. Kd2 Rxa1 19. Qg4 Rxa2+ 20. Kd1 Bxd3 21. Nc1 Ra1 22. Qxg5 a5 23. Kd2 Bc4 24.
e4 axb4 25. e5 b3 26. Nxb3 Bxb3 27. f4 Be7 28. Qg6 Ra2+ 29. Ke3 Bc2 30. f5 Be4
31. g4 Ba3 32. Kf4 Bc1+ 33. Kg3 Rg2+ 34. Kh4 Rh8+ 35. Qh5 Rh2+ 0-1

[Event "Kieler Open 2019-A"]
[Site "Kiel"]
[Date "2019.07.28"]
[Round "4.11"]
[White "Callsen, Niklas"]
[Black "Petri, Alexander"]
[Result "1-0"]
[WhiteElo "2033"]
[BlackElo "2146"]
[Annotator "JG"]
[PlyCount "101"]
[EventDate "2019.??.??"]
[WhiteTeam "Flensburger SK von 1876"]
[BlackTeam "SK Doppelbauer Kiel"]

1. e4 c6 2. d4 d5 3. e5
c5 4. dxc5 Nc6 5. a3 Nxe5 6. b4 Nf6 7. Bb2 Qc7 8. Nc3 e6 9. Bb5+ Bd7 10. Qe2
Nc6 11. Nf3 Be7 12. O-O O-O 13. Rfe1 a5 14. Bxc6 bxc6 15. Na4 Ra7 16. Qe5 Qxe5
17. Nxe5 Rb8 18. Nb6 Be8 19. c4 dxc4 20. Nexc4 axb4 21. axb4 Rxa1 22. Rxa1 Nd5
23. Ra7 Bf6 24. Bxf6 Nxf6 25. Nd6 Kf8 26. g3 Nd5 27. Nxd5 exd5 28. Ra6 Bd7 29.
Rb6 Ra8 30. Kg2 Ra3 31. b5 cxb5 32. c6 Be6 33. c7 Rb3 34. Nxb5 Bd7 35. Rb8+ Ke7
36. Na7 Rc3 37. c8=Q Bxc8 38. Nxc8+ Ke6 39. Rb6+ Ke5 40. Nd6 d4 41. Nxf7+ Kd5
42. Rd6+ Kc5 43. Rd7 h6 44. Ne5 g5 45. Nf3 Rc4 46. Rc7+ Kd5 47. Rxc4 Kxc4 48.
h4 gxh4 49. Nxh4 Kc3 50. f4 d3 51. Nf3 1-0

[Event "Kieler Open 2019-A"]
[Site "Kiel"]
[Date "2019.07.28"]
[Round "4.12"]
[White "Horn, Peter"]
[Black "Berenstein, Alexander"]
[Result "1-0"]
[WhiteElo "2137"]
[BlackElo "1972"]
[Annotator "JG"]
[PlyCount "111"]
[EventDate "2019.??.??"]
[WhiteTeam "SC Concordia SAbt Palame"]
[BlackTeam "SV VHS Rendsburg"]

1. c4 Nf6 2. Nc3
g6 3. e4 d6 4. d4 Bg7 5. Nf3 O-O 6. h3 a6 7. Bg5 h6 8. Be3 Kh7 9. g4 Ng8 10.
Bd3 e5 11. d5 b6 12. Nd2 a5 13. h4 Qd7 14. f3 Na6 15. h5 g5 16. Nf1 Bf6 17. Ng3
Bd8 18. Bc2 Qe7 19. Ba4 Qf6 20. O-O Ne7 21. a3 Kh8 22. Rb1 Nc5 23. Bb5 Ba6 24.
b4 Bxb5 25. cxb5 axb4 26. axb4 Nd7 27. Ra1 Rxa1 28. Qxa1 Qg7 29. Qa7 Kh7 30.
Kg2 Rg8 31. Qb7 Qf8 32. Rc1 Qe8 33. Ra1 Nf6 34. Ra7 Rf8 35. Qa6 Kg7 36. Bf2 Rh8
37. Nd1 Rf8 38. Ne3 Kh7 39. Nef5 Nxf5 40. Nxf5 Ng8 41. Bxb6 Ne7 42. Nxe7 Qxe7
43. Bxc7 Bxc7 44. b6 Qf6 45. bxc7 Qf4 46. Qe2 Qc1 47. b5 Qc5 48. Rb7 Ra8 49.
Qf2 Qc1 50. Ra7 Rxa7 51. Qxa7 Qc2+ 52. Kg3 Qc1 53. c8=Q Qxc8 54. Qxf7+ Kh8 55.
Qf6+ Kh7 56. Qf5+ 1-0

[Event "Kieler Open 2019-A"]
[Site "Kiel"]
[Date "2019.07.28"]
[Round "4.13"]
[White "Gombert, Reiner"]
[Black "Rendboe, John Filip"]
[Result "0-1"]
[WhiteElo "1918"]
[BlackElo "2136"]
[Annotator "JG"]
[PlyCount "68"]
[EventDate "2019.??.??"]
[WhiteTeam "Schleswiger SV von 1919"]

1. d4 d5 2.
Nf3 Nf6 3. c4 c6 4. g3 g6 5. Bg2 Bg7 6. O-O O-O 7. Nc3 dxc4 8. a4 a5 9. b3 cxb3
10. Qxb3 Nd5 11. Ba3 Nxc3 12. Qxc3 Re8 13. Rfd1 Na6 14. Rac1 Qb6 15. Rb1 Qc7
16. Ng5 h6 17. Ne4 Bf5 18. Rbc1 Qd7 19. Qxa5 Qe6 20. Nc3 Qb3 21. Bc5 Nxc5 22.
Qxc5 e5 23. dxe5 Rxe5 24. Qd6 Bc2 25. Rd2 Re6 26. Qc7 Bxc3 27. Rdxc2 Bb2 28.
Qf4 Bxc1 29. Rxc1 Rxe2 30. Qxh6 Rae8 31. Qf4 Re1+ 32. Rxe1 Rxe1+ 33. Bf1 Qd3
34. Qb8+ Kh7 0-1

[Event "Kieler Open 2019-A"]
[Site "Kiel"]
[Date "2019.07.28"]
[Round "4.14"]
[White "Saglam, Bülent"]
[Black "Boyens, Birger"]
[Result "1-0"]
[WhiteElo "2125"]
[BlackElo "1918"]
[Annotator "JG"]
[PlyCount "91"]
[EventDate "2019.??.??"]
[WhiteTeam "SK Doppelbauer Kiel"]
[BlackTeam "Husumer SV von 1898"]

1. e4
c5 2. Nf3 Nc6 3. d4 cxd4 4. Nxd4 Nf6 5. Nc3 e5 6. Ndb5 d6 7. Bg5 a6 8. Na3 b5
9. Nd5 Be7 10. Bxf6 Bxf6 11. c4 b4 12. Nc2 O-O 13. Be2 Bg5 14. O-O a5 15. Bg4
Ne7 16. Nce3 Bxe3 17. Nxe3 Bb7 18. Qd3 Qb6 19. Rad1 Rad8 20. b3 Qc6 21. f3 Qc5
22. Kh1 Ng6 23. Nf5 h5 24. Nxd6 Bc6 25. Bf5 Nf4 26. Qd2 g6 27. g3 Ne2 28. Qxe2
Rxd6 29. Rxd6 Qxd6 30. Rd1 Qe7 31. Bh3 Rd8 32. Bf1 h4 33. Rxd8+ Qxd8 34. Qd3
Qg5 35. Kg2 hxg3 36. hxg3 Qe7 37. Qe3 Qd6 38. Bd3 Bd7 39. c5 Qe6 40. g4 Bc6 41.
Bc4 Qe7 42. Qh6 Qf6 43. g5 Qg7 44. Qxg7+ Kxg7 45. Bd5 Bd7 46. Bb7 1-0

[Event "Kieler Open 2019-A"]
[Site "Kiel"]
[Date "2019.07.28"]
[Round "4.15"]
[White "Lebeda, Timo"]
[Black "Grimm, Ling Leander"]
[Result "1-0"]
[WhiteElo "2107"]
[BlackElo "1691"]
[Annotator "JG"]
[PlyCount "93"]
[EventDate "2019.??.??"]
[WhiteTeam "SK Bebenhausen"]
[BlackTeam "SK Bebenhausen"]

1. c4 c5 2. Nf3 g6 3. g3 Nc6 4. Bg2 Bg7 5.
Nc3 d6 6. O-O e5 7. d3 Nge7 8. Rb1 O-O 9. Ne1 f5 10. f4 Rb8 11. Nc2 Be6 12. Nd5
a6 13. b4 b5 14. bxc5 dxc5 15. Nxe7+ Nxe7 16. cxb5 axb5 17. a3 Bd5 18. Ne3 exf4
19. Nxd5 Nxd5 20. Qb3 c4 21. dxc4 Nc3 22. Bxf4 Nxb1 23. cxb5+ Kh8 24. Rxb1 Qb6+
25. Kf1 Rbc8 26. a4 Rc3 27. Qb4 Qd4 28. b6 Rc4 29. Qd6 Rxa4 30. b7 Ra1 31. b8=Q
Qxd6 32. Bxd6 Rxb8 33. Rxa1 Bxa1 34. Bxb8 Bd4 35. Ke1 Kg7 36. Kd2 g5 37. Kd3
Bb2 38. Kc4 Kf6 39. Kd5 h6 40. Ba7 Bc1 41. Bd4+ Kg6 42. Ke6 f4 43. g4 h5 44.
Be4+ Kh6 45. Kf7 hxg4 46. Bg6 g3 47. Bg7# 1-0

[Event "Kieler Open 2019-A"]
[Site "Kiel"]
[Date "2019.07.28"]
[Round "4.16"]
[White "Ruhland, Cliff"]
[Black "Köllner, Christof"]
[Result "0-1"]
[WhiteElo "1965"]
[BlackElo "2091"]
[Annotator "JG"]
[PlyCount "56"]
[EventDate "2019.??.??"]
[WhiteTeam "Itzehoer SV von 1923"]
[BlackTeam "SV Bergneustadt/Dersch"]

1. c4 Nf6 2. g3 e6 3. Bg2 d5 4. b3
c5 5. Nf3 Nc6 6. O-O Be7 7. Bb2 O-O 8. d3 b6 9. e3 Bb7 10. Qe2 Re8 11. Na3 Bf8
12. Rfd1 e5 13. cxd5 Nxd5 14. Nc4 Qc7 15. Rac1 Rad8 16. a3 f6 17. e4 Nde7 18.
b4 b5 19. Ne3 cxb4 20. d4 bxa3 21. Bxa3 Qa5 22. Ra1 b4 23. Bb2 Qb6 24. Nc4 Qb5
25. d5 Nxd5 26. exd5 Rxd5 27. Rxd5 Qxd5 28. Nd4 Qxg2+ 0-1

[Event "Kieler Open 2019-A"]
[Site "Kiel"]
[Date "2019.07.28"]
[Round "4.17"]
[White "Dittmann, Hans-Adolf"]
[Black "Mieck, Jale"]
[Result "1-0"]
[WhiteElo "2068"]
[BlackElo "1964"]
[Annotator "JG"]
[PlyCount "135"]
[EventDate "2019.??.??"]
[WhiteTeam "Preetzer TSV"]

1. e4 c5 2. Nf3 d6 3. d4 cxd4 4. Nxd4
Nf6 5. Nc3 a6 6. Bc4 e6 7. Be3 Nbd7 8. f4 Nc5 9. Qf3 b5 10. Bd3 b4 11. Nce2 Bb7
12. Ng3 h5 13. h4 Be7 14. O-O-O a5 15. Bb5+ Kf8 16. Bc6 Qc7 17. Bxb7 Qxb7 18.
e5 dxe5 19. fxe5 Qxf3 20. gxf3 Nd5 21. Bf2 Rc8 22. Ne4 Nf4 23. Kb1 Ng6 24. Nd6
Bxd6 25. exd6 Nd7 26. Be3 Nge5 27. b3 Nf6 28. Bg5 Nd5 29. Kb2 Ke8 30. f4 Ng4
31. f5 Nf2 32. Nxe6 Nxd1+ 33. Rxd1 Kd7 34. Nxg7 Kxd6 35. f6 Rc3 36. Nf5+ Ke5
37. Ne7 Rd8 38. Re1+ Kd4 39. Bd2 Rc7 40. Bf4 Nxf4 41. Rd1+ Ke5 42. Rxd8 Kxf6
43. Nd5+ Nxd5 44. Rxd5 Kg6 45. Rg5+ Kh6 46. Rxa5 Kg6 47. Rg5+ Kh6 48. Rb5 Kg6
49. Rxb4 f5 50. a4 Kf6 51. a5 Ke5 52. Rc4 Rd7 53. Ra4 f4 54. Ra1 f3 55. b4 Kf4
56. a6 Ra7 57. b5 f2 58. Kc3 Ke3 59. Kb4 Ke2 60. c4 Rd7 61. b6 Rd1 62. Rxd1
Kxd1 63. a7 f1=Q 64. a8=Q Qe1+ 65. Kb5 Qxh4 66. Qd5+ Ke2 67. b7 Qh2 68. c5 1-0

[Event "Kieler Open 2019-A"]
[Site "Kiel"]
[Date "2019.07.28"]
[Round "4.18"]
[White "Wunder, Niklas"]
[Black "Basey, Matthew"]
[Result "1/2-1/2"]
[WhiteElo "2095"]
[BlackElo "1852"]
[Annotator "JG"]
[PlyCount "134"]
[EventDate "2019.??.??"]
[WhiteTeam "Weiler/Allgäu"]
[BlackTeam "Kieler SG"]

1. e4 c6 2. d4 d5 3.
Nd2 dxe4 4. Nxe4 h6 5. Ng3 Nf6 6. Nf3 h5 7. Bd3 Bg4 8. c3 h4 9. Nf1 h3 10. g3
Qd5 11. Be2 Qe4 12. Ne3 Bh5 13. Rg1 Qe6 14. Qb3 Qxb3 15. axb3 Bxf3 16. Bxf3 e6
17. Nc4 Nbd7 18. Bf4 Nd5 19. Nd6+ Bxd6 20. Bxd6 f6 21. c4 Ne7 22. g4 Kf7 23.
Be2 Ng6 24. Rg3 e5 25. O-O-O Rae8 26. d5 c5 27. b4 Nf4 28. Bf1 cxb4 29. Bxb4 b6
30. Ra3 a5 31. Bd6 Rc8 32. b4 axb4 33. Ra7 Ke8 34. Kb2 Nc5 35. Re7+ Kd8 36.
Rxg7 Ra8 37. Be7+ Kc8 38. Bxf6 Ra3 39. Bxe5 Nfd3+ 40. Bxd3 Nxd3+ 41. Rxd3 Rxd3
42. Rc7+ Kd8 43. Rb7 Re8 44. Bc7+ Kc8 45. Rb8+ Kd7 46. Rxe8 Kxe8 47. Bxb6 Kd7
48. g5 Ke7 49. Bc5+ Kf7 50. Bxb4 Kg6 51. Kc2 Rf3 52. Bc5 Kxg5 53. Be3+ Kf6 54.
Kc3 Ke5 55. Kb4 Rf7 56. Kc5 Rc7+ 57. Kb5 Rc8 58. Bb6 Kd6 59. f4 Rg8 60. Bc5+
Kd7 61. f5 Rg2 62. f6 Rxh2 63. f7 Rb2+ 64. Ka6 Rb8 65. f8=Q Rxf8 66. Bxf8 h2
67. Kb5 h1=Q 1/2-1/2

[Event "Kieler Open 2019-A"]
[Site "Kiel"]
[Date "2019.07.28"]
[Round "4.19"]
[White "Wendler, David"]
[Black "Karlisch, Moritz"]
[Result "1-0"]
[WhiteElo "2094"]
[BlackElo "1894"]
[Annotator "JG"]
[PlyCount "65"]
[EventDate "2019.??.??"]
[WhiteTeam "SK Bebenhausen"]
[BlackTeam "SK Doppelbauer Kiel"]

1. e4 e6 2. d4 d5 3. Nc3 Nf6 4. e5 Nfd7 5. f4 c5 6. Nce2 Nc6 7. c3 Qb6 8.
Nf3 Be7 9. g3 O-O 10. Bh3 cxd4 11. cxd4 Bb4+ 12. Nc3 Bxc3+ 13. bxc3 Na5 14. O-O
Nc4 15. Kh1 f6 16. Qd3 Qc6 17. exf6 Nxf6 18. Ne5 Nxe5 19. fxe5 Ne4 20. Rxf8+
Kxf8 21. Ba3+ Kg8 22. Rf1 Bd7 23. Qf3 h6 24. Qf7+ Kh7 25. Bf8 Rxf8 26. Qxf8 Ng5
27. Bg2 Be8 28. c4 Ne4 29. cxd5 exd5 30. Bh3 Bg6 31. Bf5 Qa6 32. Bxg6+ Qxg6 33.
Qf5 1-0

[Event "Kieler Open 2019-A"]
[Site "Kiel"]
[Date "2019.07.28"]
[Round "4.20"]
[White "Wanner, Lukas"]
[Black "Mohamed, Galal"]
[Result "1-0"]
[WhiteElo "2085"]
[BlackElo "1833"]
[Annotator "JG"]
[PlyCount "59"]
[EventDate "2019.??.??"]
[WhiteTeam "SK Doppelbauer Kiel"]
[BlackTeam "VSF Flintbek"]

1. c4
e6 2. g3 d5 3. Bg2 c6 4. Nf3 f5 5. O-O Nf6 6. d4 Bd6 7. Nc3 O-O 8. Qc2 Ne4 9.
Ne1 Qf6 10. e3 b6 11. Nxe4 fxe4 12. f3 exf3 13. Rxf3 Qe7 14. Rxf8+ Qxf8 15. e4
Bb7 16. Nd3 Nd7 17. Bf4 c5 18. cxd5 exd5 19. exd5 Rc8 20. Qa4 Rc7 21. Rc1 a5
22. Qb5 Qe7 23. Re1 Qf8 24. Bxd6 Qxd6 25. Re6 Qf8 26. dxc5 Ba6 27. Qxa6 Nxc5
28. Nxc5 Qxc5+ 29. Kh1 g6 30. Rc6 1-0

[Event "Kieler Open 2019-A"]
[Site "Kiel"]
[Date "2019.07.28"]
[Round "4.21"]
[White "Dannehr, Jürgen"]
[Black "Besenthal, Klaus-Günther"]
[Result "1/2-1/2"]
[WhiteElo "1909"]
[BlackElo "2070"]
[Annotator "JG"]
[PlyCount "57"]
[EventDate "2019.??.??"]
[WhiteTeam "SV Gifhorn"]
[BlackTeam "SC Schachelschweine"]

1. c4 Nc6 2. Nc3 e6 3. Nf3 d5 4. d4
Nf6 5. Bg5 Be7 6. e3 O-O 7. Rc1 h6 8. Bh4 Ne4 9. Bxe7 Nxe7 10. Bd3 Nxc3 11.
Rxc3 dxc4 12. Bxc4 b6 13. O-O Bb7 14. a3 Rc8 15. Ba2 Nd5 16. Rc1 c5 17. Re1
cxd4 18. Qxd4 Nf6 19. Rxc8 Qxc8 20. Rd1 Qc6 21. Bb1 Rc8 22. Ne1 Qe8 23. f3 Qe7
24. e4 e5 25. Qe3 Ba6 26. Bd3 Bxd3 27. Rxd3 Kf8 28. Rc3 Rxc3 29. Qxc3 1/2-1/2

[Event "Kieler Open 2019-A"]
[Site "Kiel"]
[Date "2019.07.28"]
[Round "4.22"]
[White "Lawrenz, Sebastian"]
[Black "Rieper, Julian"]
[Result "0-1"]
[WhiteElo "1924"]
[BlackElo "2062"]
[Annotator "JG"]
[PlyCount "54"]
[EventDate "2019.??.??"]
[WhiteTeam "SC Zitadelle Spandau"]
[BlackTeam "SK Doppelbauer Kiel"]

1. e4 e5 2. Nf3 Nc6 3. Bb5
a6 4. Ba4 Nf6 5. O-O Be7 6. Re1 b5 7. Bb3 d6 8. d3 Na5 9. c3 Nxb3 10. Qxb3 O-O
11. Nbd2 c5 12. Nf1 Bg4 13. N3d2 Be6 14. Qd1 g6 15. Nf3 Nh5 16. Bh6 Re8 17. Ne3
Bf6 18. Nd2 Bh8 19. Nf3 a5 20. Ng5 Bc8 21. Qb3 Ra7 22. Nd5 b4 23. a4 Nf6 24. h3
Nxd5 25. Qxd5 Bg7 26. Bxg7 Qxg5 27. Re3 Kxg7 0-1